| 000 -LEADER |
| fixed length control field |
00716cam a2200169 a 4500 |
| 040 ## - CATALOGING SOURCE |
| Transcribing agency |
DLC |
| 082 00 - DEWEY DECIMAL CLASSIFICATION NUMBER |
| Classification number |
344 AME 1986 C147 Or. |
| -- |
347.3044369792 |
| 245 00 - TITLE STATEMENT |
| Title |
AIDS and the law : |
| Remainder of title |
ALI ABA video law review study materials / |
| 260 ## - PUBLICATION, DISTRIBUTION, ETC. (IMPRINT) |
| Place of publication |
[Philadelphia, Pa.] (4025 Chestnut St., Philadelphia 19104) : |
| Name of publisher |
American Law Institute-American Bar Association, Committee on Continuing Professional Education, |
| Year of publication |
c1986. |
| 300 ## - PHYSICAL DESCRIPTION |
| Number of Pages |
xxi, 621 p. : |
| Other physical details |
ill. ; |
| Dimensions |
28 cm. |
| 500 ## - GENERAL NOTE |
| General note |
"Q146." |
| 650 #0 - SUBJECT ADDED ENTRY--TOPICAL TERM |
| Topical Term |
AIDS (Disease) |
| 650 #0 - SUBJECT ADDED ENTRY--TOPICAL TERM |
| Topical Term |
Discrimination in employment |
| 710 2# - ADDED ENTRY--CORPORATE NAME |
| Corporate name or jurisdiction name as entry element |
University of Pennsylvania. |
| 710 2# - ADDED ENTRY--CORPORATE NAME |
| Corporate name or jurisdiction name as entry element |
American Law Institute-American Bar Association Committee on Continuing Professional Education. |
| 942 ## - ADDED ENTRY ELEMENTS (KOHA) |
| Koha item type |
ADB |
| 952 ## - LOCATION AND ITEM INFORMATION (KOHA) |
| Withdrawn status [LOCAL, KOHA] |
0 |